000 00528nam a2200193Ia 4500
005 20250923144849.0
008 008 250917s9999 xx 000 0 eng d
037 _aTextual
040 _aDSWL
_beng
_cDSWL
041 _aeng
_2eng
084 _aY115:1.64, K3
_qDSWL
245 0 _aWomen of tropical Africa
_cEd. by Denise Paulme
260 _aLondon
_bRoutledge & Kegan Paul
_c1963
300 _aix,308p.
365 _aINR
_b25
925 _g25
942 _cTEXL
_hY115:1.64, K3
999 _c1444307
_d1444307